Constitucion y medio ambiente

Bibliographic Details
Main Author: Canosa Usera, Raul
Format: Unknown
Language:Spanish
Published: Madrid : Dykinson, 2000
Subjects:
Online Access:Acceso restringido

MARC

LEADER 00000ny a22000003n 4500
005 20110628102225.0
006 m u
007 cr cn|||||||||
008 200508r2000 sp |||||s|||||||||||spa d
020 |a 9788481557060 
035 |a 1611 
040 |a FlNmELB  |c FlNmELB  |d vLex 
050 1 4 |a KHA3421  |b C227 2000eb 
080 |a 342 
090 |c 1144  |d 1144 
100 1 |a Canosa Usera, Raul 
245 1 0 |a Constitucion y medio ambiente  |h [Recurso electrn̤ico]  |c Raul Canosa Usera 
256 |a Servicio en ln̕ea 
260 |a Madrid :  |b Dykinson,  |c 2000 
300 |a [9]-274 p 
506 1 |a Contenido solo disponible en los productos indicados  |d vLex Global  |d vLex Global (Academic Edition, excluding Law Schools)  |d vLex Global (U.S. Academic Edition, Law Schools)  |d vLex Global (U.S. Academic Edition, excluding Law Schools)  |d vLex Global (Academic Edition, Law Schools) 
650 0 7 |a Derecho internacional  |2 Tesauro vLex 
650 0 7 |a Civil  |2 Tesauro vLex 
650 0 7 |a Ambiental  |2 Tesauro vLex 
650 0 7 |a Medio ambiente  |2 Tesauro vLex 
650 0 7 |a Derecho al medio ambiente  |2 Tesauro vLex 
740 0 |a vLex Libros (Servicios en ln̕ea) 
856 4 0 |u http://vlex.com/source/1611  |z Acceso restringido 
942 |c BOOK